000 01200nam a22003377a 4500
003 CHAP
005 20220817044524.0
008 120525s2010 mx a r 00010 spa d
010 _a103224
011 _a104196
035 _a114886
040 _cCHAP
090 _aTesis
100 1 _aTristán Patiño, Flor de María.
_9115192
245 1 0 _aCaraterización del ensilado de maguey con la adición de alfalfa verde y harina de vaina de mezquite
_c/por Flor de María Tristán Patiño
260 _aSan Luis Potosí, Méx. :
_bEl autor,
_c2010
300 _a46 h. :
_bil., gráf.
502 _aTesis (Ing. Agr. Agroindustrial) -- UASLP. Facultad de ingenieria
590 _aALEPH
_b10
_c20130110
_lUCH01
_h1544
590 _aBATCH-UPD
_b10
_c20130110
_lUCH01
_h1310
590 _aBATCH-UPD
_b10
_c20130410
_lUCH01
_h0824
590 _aBATCH-UPD
_b10
_c20130913
_lUCH01
_h2023
590 _aCONVERSION
_b10
_c20130109
_lUCH01
_h1357
650 0 4 _aAgave como forraje.
650 0 4 _aAlfalfa como forraje.
_93899
650 0 4 _aEnsilaje.
_937102
650 0 4 _aHarina de mezquite.
_952716
901 _aBK
942 _cTESIS
949 _aTesis
_bBC
_cTES
_d33724002333884
_eTS1
_gdonaciØn
_h53405
_i114886
_sb
999 _c103224
_d103224